<?xml version="1.0" encoding="UTF-8"?>
<record
    xmlns:xsi="http://www.w3.org/2001/XMLSchema-instance"
    xsi:schemaLocation="http://www.loc.gov/MARC21/slim http://www.loc.gov/standards/marcxml/schema/MARC21slim.xsd"
    xmlns="http://www.loc.gov/MARC21/slim">

  <leader>02480cam a22004214i 4500</leader>
  <controlfield tag="003">PE-LiUPU</controlfield>
  <controlfield tag="005">20250731172906.0</controlfield>
  <controlfield tag="008">      s                rb    001 0 spa d</controlfield>
  <datafield tag="020" ind1=" " ind2=" ">
    <subfield code="a">0802873197</subfield>
  </datafield>
  <datafield tag="020" ind1=" " ind2=" ">
    <subfield code="a">9780802873194</subfield>
  </datafield>
  <datafield tag="035" ind1=" " ind2=" ">
    <subfield code="a">(Sirsi) a166571</subfield>
  </datafield>
  <datafield tag="040" ind1=" " ind2=" ">
    <subfield code="a">PE-LiUPU</subfield>
    <subfield code="b">spa</subfield>
    <subfield code="c">PE-LiUPU</subfield>
    <subfield code="e">rda</subfield>
  </datafield>
  <datafield tag="049" ind1=" " ind2=" ">
    <subfield code="a">PRUA</subfield>
  </datafield>
  <datafield tag="082" ind1="0" ind2="4">
    <subfield code="a">241.09</subfield>
    <subfield code="b">T72</subfield>
    <subfield code="2">23</subfield>
  </datafield>
  <datafield tag="245" ind1="0" ind2="0">
    <subfield code="a">Torah ethics and early Christian identity /</subfield>
    <subfield code="c">edited by Susan J. Wendel.</subfield>
  </datafield>
  <datafield tag="264" ind1=" " ind2="1">
    <subfield code="a">Grand Rapids, Michigan :</subfield>
    <subfield code="b">William B. Eerdmans Publishing Company,</subfield>
    <subfield code="c">2016.</subfield>
  </datafield>
  <datafield tag="300" ind1=" " ind2=" ">
    <subfield code="a">271 p&#xE1;ginas ;</subfield>
    <subfield code="c">24 centimetros.</subfield>
  </datafield>
  <datafield tag="336" ind1=" " ind2=" ">
    <subfield code="a">text</subfield>
    <subfield code="2">rdacontent</subfield>
  </datafield>
  <datafield tag="337" ind1=" " ind2=" ">
    <subfield code="a">unmediated</subfield>
    <subfield code="2">rdamedia</subfield>
  </datafield>
  <datafield tag="338" ind1=" " ind2=" ">
    <subfield code="a">volume</subfield>
    <subfield code="2">rdacarrier</subfield>
  </datafield>
  <datafield tag="505" ind1="0" ind2="4">
    <subfield code="a">Torah ethics in early Judaism -- Entering a synagogue with Paul : first-century Torah observance, Anders Runesson -- The meaning and function of the law in Philo and Josephus /</subfield>
    <subfield code="r">John W. Martens -- Torah ethics and the New Testament --  Jesus, the eschatological perfection of Torah, and the imitation Dei in Matthew /</subfield>
    <subfield code="r">Wesley G. Olmstead -- </subfield>
    <subfield code="t">Torah, Jesus, and the kingdom of God in the Gospel of Mark /</subfield>
    <subfield code="r">S. A. Cummins -- </subfield>
    <subfield code="t">Reading law as prophecy : Torah ethics in Acts /</subfield>
    <subfield code="r">David M. Miller -- </subfield>
    <subfield code="t">Reproach and revelation : ethics in John 11:1-44 /r Adele Reinhartz -- </subfield>
    <subfield code="g"> The </subfield>
    <subfield code="t"> law of the laws : James, wisdom, and the law /</subfield>
    <subfield code="r"> Scot McKnight -- </subfield>
    <subfield code="t"> Questions about nomos, answers about Christos : Romans 10:4 in context /</subfield>
    <subfield code="r"> Beverly Roberts Gaventa -- </subfield>
    <subfield code="t"> Paul, Abraham's Gentile "offspring," and the Torah /</subfield>
    <subfield code="r"> Terence L. Donaldson -- </subfield>
    <subfield code="g">The </subfield>
    <subfield code="t"> conversion of the imagination : Scripture and eschatology in 1 Corinthians /</subfield>
    <subfield code="r">Richard B. Hays -- </subfield>
    <subfield code="t"> Beyond the New Testament -- </subfield>
    <subfield code="t">Torah obedience and early Christian ethical practices in Justin Martyr /</subfield>
    <subfield code="r">Susan J. Wendel -- </subfield>
    <subfield code="g">The </subfield>
    <subfield code="t"> law, God, and the Logos : Clement and the Alexandrian tradition /</subfield>
    <subfield code="r">Peter Widdicombe --</subfield>
    <subfield code="t">Canonical Paul and the law /</subfield>
    <subfield code="r">Stephen Westerholm.</subfield>
  </datafield>
  <datafield tag="526" ind1=" " ind2=" ">
    <subfield code="a">SEG42</subfield>
  </datafield>
  <datafield tag="526" ind1=" " ind2=" ">
    <subfield code="a">SEG41</subfield>
  </datafield>
  <datafield tag="526" ind1=" " ind2=" ">
    <subfield code="a">SEG40</subfield>
  </datafield>
  <datafield tag="526" ind1=" " ind2=" ">
    <subfield code="a">SEG39</subfield>
  </datafield>
  <datafield tag="526" ind1=" " ind2=" ">
    <subfield code="a">P94</subfield>
  </datafield>
  <datafield tag="526" ind1=" " ind2=" ">
    <subfield code="a">P87</subfield>
  </datafield>
  <datafield tag="526" ind1=" " ind2=" ">
    <subfield code="a">P86</subfield>
  </datafield>
  <datafield tag="526" ind1=" " ind2=" ">
    <subfield code="a">P85</subfield>
  </datafield>
  <datafield tag="526" ind1=" " ind2=" ">
    <subfield code="a">P77</subfield>
  </datafield>
  <datafield tag="526" ind1=" " ind2=" ">
    <subfield code="a">P76</subfield>
  </datafield>
  <datafield tag="526" ind1=" " ind2=" ">
    <subfield code="a">P35</subfield>
  </datafield>
  <datafield tag="650" ind1="0" ind2="4">
    <subfield code="a">Juda&#xED;smo.</subfield>
    <subfield code="9">1492</subfield>
  </datafield>
  <datafield tag="596" ind1=" " ind2=" ">
    <subfield code="a">1</subfield>
  </datafield>
  <datafield tag="942" ind1=" " ind2=" ">
    <subfield code="2">ddc</subfield>
    <subfield code="c">BOOK</subfield>
  </datafield>
  <datafield tag="999" ind1=" " ind2=" ">
    <subfield code="a">241.09 T72</subfield>
    <subfield code="w">LC</subfield>
    <subfield code="c">15315</subfield>
    <subfield code="i">75291</subfield>
    <subfield code="f">2021-11-10</subfield>
    <subfield code="g">6</subfield>
    <subfield code="l">CCODEBUL1</subfield>
    <subfield code="m">BUL</subfield>
    <subfield code="p">22.72</subfield>
    <subfield code="r">0</subfield>
    <subfield code="s">Y</subfield>
    <subfield code="t">BOOK</subfield>
    <subfield code="u">2017-1-26</subfield>
    <subfield code="x">TEOLOGIA</subfield>
    <subfield code="P">P35</subfield>
    <subfield code="0">COMPRA</subfield>
    <subfield code="o">.STAFF. Colecci&#xF3;n Teolog&#xED;a</subfield>
    <subfield code="d">15315</subfield>
  </datafield>
  <datafield tag="980" ind1=" " ind2=" ">
    <subfield code="8">1</subfield>
    <subfield code="g">ALBERTO SANCHEZ Responsable de Automatizaci&#xF3;n</subfield>
  </datafield>
  <datafield tag="952" ind1=" " ind2=" ">
    <subfield code="r">2025-12-03 00:00:00</subfield>
    <subfield code="i">7</subfield>
    <subfield code="l">0</subfield>
    <subfield code="o">241.09 T72</subfield>
    <subfield code="p">75291</subfield>
    <subfield code="t">e1</subfield>
    <subfield code="v">27.72</subfield>
    <subfield code="w">2017-01-26</subfield>
    <subfield code="x">FT</subfield>
    <subfield code="y">BK</subfield>
    <subfield code="z">inventario-2023-12-13</subfield>
    <subfield code="1">0</subfield>
    <subfield code="2">ddc</subfield>
    <subfield code="5">0</subfield>
    <subfield code="7">0</subfield>
    <subfield code="8">GEN</subfield>
    <subfield code="f">P35</subfield>
    <subfield code="a">BUL</subfield>
    <subfield code="b">BUL</subfield>
    <subfield code="c">GEN</subfield>
    <subfield code="d">2017-01-26</subfield>
    <subfield code="e">COMPRA</subfield>
    <subfield code="g">22.72</subfield>
  </datafield>
</record>
